[Event "HUN-chT U18"]
[Site "Budapest"]
[Date "2022.11.03"]
[Round "7.5"]
[White "Farkas, Boglarka"]
[Black "Csernyik, Mark"]
[Result "0-1"]
[WhiteElo "1519"]
[BlackElo "1973"]
[PlyCount "82"]
[EventDate "2022.10.31"]
[EventType "team-swiss"]
[EventRounds "7"]
[EventCountry "HUN"]
[SourceTitle "CBM 211 Extra"]
[Source "ChessBase"]
[SourceDate "2023.01.31"]
[SourceVersion "1"]
[SourceVersionDate "2023.01.31"]
[SourceQuality "1"]
[WhiteTeam "Haladas"]
[BlackTeam "Kobanya Aquarena"]
[WhiteTeamCountry "HUN"]
[BlackTeamCountry "HUN"]

1. e4 c5 2. Nf3 d6 3. Bb5+ Bd7 4. Bxd7+ Nxd7 5. 0-0 Ngf6 6. Qe2 e6 7. c4 Be7 8. d4 cxd4 9. Nxd4 0-0 10. b3 Rc8 11. f3 Nb6 12. Bb2 d5 13. cxd5 exd5 14. e5 Ne8 15. f4 Bc5 16. Kh1 Qd7 17. Nd2 Nc7 18. f5 Rfe8 19. Qg4 Bf8 20. Rae1 Na6 21. Re3 f6 22. e6 Qd8 23. Rh3 Re7 24. Qh5 h6 25. Qg6 Qe8 26. Rxh6 Qxg6 27. Rxg6 Nb4 28. a3 Nd3 29. Ba1 a6 30. Ne2 Rc2 31. Bxf6 Rxd2 32. Bxe7 Bxe7 33. Ng3 Ne5 34. Rxg7+ Kxg7 35. f6+ Bxf6 36. Nh5+ Kf8 37. Nxf6 Ke7 38. Nd7 Nbxd7 39. exd7 Kxd7 40. Kg1 Rb2 41. Rf5 Ke6 0-1